Rzeki w różnych językach europejskich - Statystyki

Ogólne statystyki
  • Ten quiz został rozwiązany 152 razy
  • Średni wynik to 11 z 56
Statystyki odpowiedzi
Hint Odpowiedź % Poprawnych
Nil francuski Nil
95%
Nil niemiecki Nil
95%
Wisła hiszpański Vistula
65%
Wisła angielski Vistula
65%
Nil angielski Nile
53%
Tyber niemiecki Tiber
49%
Tyber hiszpański Tíber
49%
Tyber angielski Tiber
49%
Tyber fiński Tiber
49%
niemiecki Tiber
49%
Tamiza angielski Thames
32%
Tamiza fiński Thames
32%
Moskwa niemiecki Moskwa
31%
Ren niemiecki Rhein
23%
Dunaj francuski Danube
22%
Dunaj angielski Danube
22%
Sekwana francuski Seine
21%
Sekwana niemiecki Seine
21%
Sekwana angielski Seine
21%
Sekwana fiński Seine
21%
Dunaj niemiecki Donau
20%
Nil włoski Nilo
18%
Nil hiszpański Nilo
18%
Tyber francuski Tibre
18%
Moskwa angielski Moskva
17%
Tamiza francuski Tamise
17%
Ren francuski Rhin
14%
Ren fiński Rein
11%
Ren angielski Rhine
11%
Wisła francuski Vistule
8%
Wełtawa francuski Vltava
8%
Wełtawa angielski Vltava
8%
Wełtawa fiński Vltava
8%
Ren włoski Reno
7%
Ren hiszpański Rin
5%
Wisła niemiecki Weichsel
5%
Moskwa francuski Moskova
4%
Moskwa fiński Moskova
4%
Wełtawa niemiecki Moldau
3%
Sekwana hiszpański Sena
3%
Sekwana włoski Senna
3%
Tyber włoski Tevere
3%
włoski Tevere
3%
Tamiza niemiecki Themse
3%
Dunaj włoski Danubio
2%
Dunaj hiszpański Danubio
2%
Wełtawa włoski Moldava
2%
Wełtawa hiszpański Moldava
2%
Moskwa włoski Moscòva
2%
Moskwa hiszpański Moscova
2%
Nil fiński Niili
2%
Dunaj fiński Tonava
2%
Wisła fiński Veiksel
2%
Wisła włoski Vistola
2%
Tamiza hiszpański Támesis
1%
Tamiza włoski Tamigi
1%
Nie znaleziono quizów pasujących do podanych kryteriów
Rozkład punktacji
Procent ludzi z każdym wynikiem
Percentyl według liczby udzielonych odpowiedzi
Twoja historia wyników
Nie rozwiązałeś tego quizu